Dôvody rastu výdavkov na zdravotníctvo
Nerovnováha medzi objemom finančných zdrojov vyčlenených na sektor zdravotníctva a medzi ponukou a dopytom služieb po zdravotnej starostlivosti. Všeobecné zásady uplatňovania ekonomických hľadísk v poskytovaní zdravotných služieb. Hlavné dôvody zvyšovania výdavkov na zdravotníctvo.
Na minha lista:
| Autor principal: | |
|---|---|
| Formato: | Capítulo de Livro |
| Idioma: | eslovaco |
| Assuntos: | |
| Tags: |
Sem tags, seja o primeiro a adicionar uma tag!
|
MARC
| LEADER | 00000nla a2200000 4500 | ||
|---|---|---|---|
| 001 | 0161014 | ||
| 005 | 20240502072808.9 | ||
| 041 | 0 | |a slo | |
| 044 | |a SK | ||
| 245 | 1 | 0 | |a Dôvody rastu výdavkov na zdravotníctvo |c Michaela Pechová |
| 520 | |a Nerovnováha medzi objemom finančných zdrojov vyčlenených na sektor zdravotníctva a medzi ponukou a dopytom služieb po zdravotnej starostlivosti. Všeobecné zásady uplatňovania ekonomických hľadísk v poskytovaní zdravotných služieb. Hlavné dôvody zvyšovania výdavkov na zdravotníctvo. | ||
| 610 | 2 | 0 | |a zdravotníctvo |
| 610 | 2 | 0 | |a politika zdravotná |
| 610 | 2 | 0 | |a služby zdravotnícke |
| 610 | 2 | 0 | |a zariadenia zdravotnícke |
| 610 | 2 | 0 | |a starostlivosť zdravotná |
| 610 | 2 | 0 | |a zdroje finančné |
| 100 | 1 | |a Pechová, Michaela, 1977- | |